عرض عادي
عرض مارك
- Handbooks and manuals.
مدخل تقسيم شكلي
001 - رقم الضبط
- حقل الضبط: 75529
003 - معرف رقم الضبط
- حقل الضبط: OSt
005 - تاريخ ووقت أخر عملية
- حقل الضبط: 20191122184208.0
008 - عناصر بيانات ثابتة الطول
- حقل تحكم ثابت الطول: 191122|| aca||aabn | a|a d
040 ## - مصدر الفهرسة
- هيئة الفهرسة الأصلية: OSt
- وكالة الكتابة: OSt
155 ## - الراس-نوع ادبي/مصطلح شكلي
- النوع الادبي/المصطلح الشكلي: Handbooks and manuals.
670 ## - بيانات المصدر موجوده
- الاستشهاد بالمصدر: Work cat.: (OSt)0: Family practice guidelines /
